[Event "SR Extraliga 2016/2017"]
[Site "?"]
[Date "2017.02.19"]
[Round "8.7"]
[White "Frindt, Kornel"]
[Black "Machata, Martin"]
[Result "1-0"]
[WhiteElo "2180"]
[BlackElo "2266"]
[PlyCount "81"]
[EventDate "2016.??.??"]

1. d4 g6 2. c4 Bg7 3. Nc3 c5 4. d5 d6 5. e4 e6 6. Nf3 Ne7 7. Be2 O-O 8. O-O
exd5 9. cxd5 Bg4 10. Nd2 Bxe2 11. Qxe2 Nd7 12. Nc4 Ne5 13. Bf4 Nxc4 14. Qxc4
Nc8 15. a4 a6 16. a5 Re8 17. f3 Qc7 18. Ra3 b5 19. axb6 Nxb6 20. Qa2 Reb8 21.
Rxa6 Rxa6 22. Qxa6 Nc8 23. Bc1 Qb7 24. Qa4 Bd4+ 25. Kh1 Na7 26. Re1 Ra8 27. g3
Kg7 28. Kg2 h5 29. h4 Bxc3 30. bxc3 Qb5 31. Qa2 Qb7 32. Bf4 Nc8 33. Qd2 Qb3 34.
Re2 Ra3 35. e5 dxe5 36. Bxe5+ f6 37. d6 Nb6 38. d7 Nc4 39. Bxf6+ Kf7 40. Qd5+
Kxf6 41. d8=Q+ 1-0

[Event "SR Extraliga 2016/2017"]
[Site "?"]
[Date "2017.02.19"]
[Round "8.8"]
[White "Banas, Kamil"]
[Black "Vrbova, Niki"]
[Result "1-0"]
[WhiteElo "2236"]
[BlackElo "2201"]
[PlyCount "85"]
[EventDate "2016.??.??"]

1. d4 Nf6 2. c4 g6 3. Nc3 Bg7 4. e4 d6 5. Be2 O-O 6. Nf3 Nc6 7. O-O e5 8. d5
Ne7 9. Ne1 Ne8 10. Nd3 f5 11. f3 a5 12. c5 f4 13. Bd2 g5 14. Qc2 Rf7 15. Rfc1
Ng6 16. Nb5 Nh4 17. Be1 Bh6 18. h3 Bf8 19. cxd6 cxd6 20. Nf2 h5 21. Qd1 Bd7 22.
a4 Bh6 23. Rc3 Rc8 24. Rxc8 Bxc8 25. Ra3 Bd7 26. Qd2 b6 27. b4 Qf6 28. Qd1 axb4
29. Bxb4 g4 30. hxg4 hxg4 31. fxg4 f3 32. Bxf3 Bxb5 33. axb5 Rc7 34. Bd2 Bf4
35. Nh3 Ng6 36. Ra8 Kf7 37. g5 Qe7 38. Bxf4 exf4 39. Qd2 Qe5 40. Bh5 Ng7 41.
Bxg6+ Kxg6 42. Nxf4+ Kf7 43. Rf8+ 1-0

[Event "SR Extraliga 2016/2017"]
[Site "?"]
[Date "2017.02.19"]
[Round "8.1"]
[White "Navara, David"]
[Black "Balog, Imre"]
[Result "1-0"]
[WhiteElo "2730"]
[BlackElo "2563"]
[PlyCount "131"]
[EventDate "2016.??.??"]

1. e4 e6 2. d4 d5 3. Nd2 Nf6 4. e5 Nfd7 5. c3 c5 6. Bd3 Nc6 7. Ne2 Rb8 8. f4 b5
9. Nf3 Be7 10. f5 exf5 11. Bxf5 Nf8 12. Ng3 Ng6 13. Be3 b4 14. O-O bxc3 15.
bxc3 cxd4 16. cxd4 O-O 17. Bxc8 Qxc8 18. Rc1 Rb6 19. Ng5 Qe8 20. Nf5 f6 21. Ne6
Rf7 22. Bh6 fxe5 23. Nexg7 Qd7 24. Nxe7+ Ncxe7 25. Rxf7 Kxf7 26. dxe5 Nxe5 27.
Qh5+ N5g6 28. Rf1+ Rf6 29. Rxf6+ Kxf6 30. Qf3+ Ke5 31. Bg5 Kd4 32. Qe3+ Kc4 33.
Ne6 Kb5 34. Qd3+ Kb6 35. Be3+ d4 36. Bxd4+ Kc6 37. Qc4+ Kd6 38. Bc5+ Ke5 39.
Bd4+ Kd6 40. Bc5+ Ke5 41. Ng5 Qd1+ 42. Qf1 Qd5 43. Bxa7 Qxa2 44. Bb8+ Kd4 45.
Nxh7 Qd2 46. Nf6 Qg5 47. Qd1+ Kc4 48. Qf1+ Kd4 49. h3 Qf5 50. Qxf5 Nxf5 51. Kf2
Nfe7 52. g4 Nd5 53. Ba7+ Ke5 54. Nxd5 Kxd5 55. Kg3 Ke4 56. Bb8 Kd5 57. h4 Ke6
58. h5 Ne7 59. Kf4 Nc6 60. Bc7 Kf7 61. g5 Kg7 62. Kg4 Ne7 63. Be5+ Kh7 64. Bb2
Nd5 65. g6+ Kh6 66. Bc1+ 1-0

[Event "SR Extraliga 2016/2017"]
[Site "?"]
[Date "2017.02.19"]
[Round "8.2"]
[White "Kriebel, Tadeas"]
[Black "Markos, Jan"]
[Result "1/2-1/2"]
[WhiteElo "2463"]
[BlackElo "2569"]
[PlyCount "98"]
[EventDate "2016.??.??"]

1. e4 c5 2. Nf3 Nc6 3. Nc3 Nf6 4. Bb5 g6 5. e5 Ng4 6. Bxc6 dxc6 7. h3 Nh6 8. g4
Bg7 9. d3 f5 10. g5 Nf7 11. Qe2 Be6 12. Bf4 Qa5 13. Bd2 Qc7 14. O-O-O O-O-O 15.
Bf4 Qa5 16. Qe3 Rhe8 17. a3 c4 18. Nd4 Bd5 19. Rhe1 cxd3 20. Rxd3 Bc4 21. e6
Nd6 22. Rdd1 c5 23. Ndb5 Qb6 24. a4 Bxb5 25. Nd5 Bxb2+ 26. Kb1 Qc6 27. Bxd6
Rxd6 28. axb5 Qxb5 29. c4 Qxc4 30. Nxe7+ Rxe7 31. Rxd6 Bc3 32. Re2 Qb3+ 33. Kc1
Qa3+ 34. Kd1 Qa1+ 35. Qc1 Qxc1+ 36. Kxc1 Kc7 37. Rd7+ Rxd7 38. e7 Bd2+ 39. Kc2
Rxe7 40. Rxe7+ Kd6 41. Rxh7 Bxg5 42. Rxb7 Bh4 43. Rxa7 Ke5 44. f3 Kf4 45. Ra4+
Kg3 46. Kd3 g5 47. Ke2 Kxh3 48. Rc4 g4 49. fxg4 fxg4 1/2-1/2

[Event "SR Extraliga 2016/2017"]
[Site "?"]
[Date "2017.02.19"]
[Round "8.3"]
[White "Mrva, Martin"]
[Black "Schwarz, Dusan"]
[Result "1/2-1/2"]
[WhiteElo "2399"]
[BlackElo "2303"]
[PlyCount "220"]
[EventDate "2016.??.??"]

1. e4 c5 2. Nf3 d6 3. d4 cxd4 4. Nxd4 Nf6 5. Nc3 g6 6. Be2 Nc6 7. Be3 Bg7 8.
O-O O-O 9. Kh1 d5 10. exd5 Nxd5 11. Nxd5 Nxd4 12. Bc4 e5 13. c3 b5 14. cxd4
bxc4 15. dxe5 Bb7 16. Nf6+ Bxf6 17. exf6 Qxf6 18. Qg4 Rfe8 19. Rad1 Re4 20. Qd7
Qc6 21. Rd6 Qxd7 22. Rxd7 Bc6 23. Rc7 Bb5 24. Ra1 a6 25. Kg1 Rd8 26. h3 Re6 27.
Rc1 Red6 28. Kh2 R6d7 29. Rxd7 Rxd7 30. Kg3 f6 31. h4 Kf7 32. Rc2 Ke6 33. Bd2
Kf7 34. Bb4 h5 35. f3 Rb7 36. Rc1 Bd7 37. Bc3 Be6 38. Re1 Rd7 39. Kf4 Rd5 40.
Re4 Rd1 41. Kg3 Rd7 42. a3 Rd1 43. Kf2 Rd8 44. g4 f5 45. gxf5 gxf5 46. Re5 Rd5
47. Re1 Rd3 48. Kg3 Bd5 49. Rf1 Ke6 50. Kf4 Kd6 51. Bb4+ Kc6 52. a4 Kd7 53. Rg1
Bxf3 54. Rg7+ Kc8 55. Bc3 Bc6 56. Rh7 Bf3 57. Be5 Be2 58. Rc7+ Kd8 59. Ra7 Rf3+
60. Kg5 Re3 61. Kxf5 Bg4+ 62. Kf4 Rf3+ 63. Ke4 Rh3 64. Bf6+ Kc8 65. Rxa6 Kb7
66. Rd6 Rd3 67. Bd4 Rh3 68. a5 Bf3+ 69. Kf4 Bh1 70. Rb6+ Kc8 71. Be5 Rxh4+ 72.
Kf5 Rh3 73. Rb8+ Kd7 74. a6 c3 75. bxc3 Rf3+ 76. Kg5 Rf2 77. a7 Ra2 78. Bd4
Ra5+ 79. Kf4 Bc6 80. Rh8 Kc7 81. Rh7+ Bd7 82. Rxh5 Ra4 83. Rh7 Kd6 84. Ke3 Bc6
85. Kd3 Bb5+ 86. Kc2 Bc4 87. Rh8 Bd5 88. Rd8+ Ke6 89. Kd3 Ra3 90. Kc2 Ra2+ 91.
Kb1 Ra4 92. Bc5 Ra5 93. Be3 Ra3 94. c4 Bc6 95. Bc5 Be4+ 96. Kb2 Ra5 97. Kb3
Rxc5 98. a8=Q Bxa8 99. Rxa8 Kd7 100. Kb4 Rh5 101. c5 Kc6 102. Ra6+ Kb7 103. Rg6
Kc7 104. Kb5 Rh7 105. Ra6 Kb7 106. c6+ Kb8 107. Kb6 Rb7+ 108. Kc5 Rh7 109. Ra1
Rg7 110. Rf1 Kc7 1/2-1/2

[Event "SR Extraliga 2016/2017"]
[Site "?"]
[Date "2017.02.19"]
[Round "8.5"]
[White "Pinter, Erik"]
[Black "Peitl, Tomas"]
[Result "1-0"]
[WhiteElo "2383"]
[BlackElo "2193"]
[PlyCount "79"]
[EventDate "2016.??.??"]

1. e4 b6 2. d4 Bb7 3. Bd3 e6 4. Nf3 c5 5. c3 Nf6 6. Qe2 Be7 7. Nbd2 Nc6 8. a3
O-O 9. O-O a5 10. b3 d5 11. e5 Ne8 12. Re1 Nc7 13. Bb1 Ba6 14. Qe3 f5 15. exf6
Rxf6 16. Nf1 cxd4 17. cxd4 Bd6 18. h3 g6 19. N1h2 Bf4 20. Qc3 Nb5 21. Qb2 Qd6
22. Bd3 Nbxd4 23. Bxa6 Rxa6 24. Be3 Nxf3+ 25. Nxf3 Ne5 26. Kf1 Nd7 27. Bd4 Rf8
28. Ne5 Bxe5 29. Bxe5 Qe7 30. Rad1 Nc5 31. Kg1 Raa8 32. f3 Qh4 33. Bd6 Nd3 34.
Qe2 Nxe1 35. Qxe6+ Rf7 36. Rxe1 Qd4+ 37. Kh2 b5 38. Rc1 Rd8 39. Be5 Qa7 40. Rc7
1-0

[Event "SR Extraliga 2016/2017"]
[Site "?"]
[Date "2017.02.19"]
[Round "8.6"]
[White "Kolesar, Milan"]
[Black "Krak, Tomas"]
[Result "0-1"]
[WhiteElo "2180"]
[BlackElo "2306"]
[PlyCount "96"]
[EventDate "2016.??.??"]

1. Nf3 Nf6 2. c4 g6 3. g3 Bg7 4. Bg2 O-O 5. d4 c5 6. Nc3 cxd4 7. Nxd4 Nc6 8.
O-O d6 9. Nc2 Qa5 10. Ne3 Rb8 11. Bd2 Qh5 12. Rc1 Ng4 13. Nxg4 Bxg4 14. Re1
Rfc8 15. b3 Bh3 16. Nd5 Bxg2 17. Kxg2 Qg4 18. Bf4 Qe6 19. c5 Bd4 20. cxd6 Qxd5+
21. e4 Qe6 22. Rxc6 Rxc6 23. Qxd4 exd6 24. Qxa7 Re8 25. Qd4 Rc2 26. a4 Qxb3 27.
Bxd6 Qc4 28. Qxc4 Rxc4 29. e5 Rxa4 30. Rb1 Ra7 31. Rb2 Rc8 32. h4 Rc6 33. Bb8
Raa6 34. Rxb7 Rab6 35. Rxb6 Rxb6 36. Bc7 Rc6 37. Bd8 Kf8 38. Bf6 h5 39. f3 Rc4
40. Kh3 Ke8 41. g4 Kd7 42. gxh5 gxh5 43. Kg3 Ke6 44. f4 Kf5 45. Bg5 Rc3+ 46.
Kf2 Ke4 47. Ke2 Rf3 48. Bh6 Rxf4 0-1

[Event "SR Extraliga 2016/2017"]
[Site "?"]
[Date "2017.02.19"]
[Round "8.7"]
[White "Rajnak, Daniel"]
[Black "Sosovicka, Juraj"]
[Result "1-0"]
[WhiteElo "2135"]
[BlackElo "2167"]
[PlyCount "137"]
[EventDate "2016.??.??"]

1. d4 Nf6 2. Nf3 d6 3. g3 g6 4. Bg2 Bg7 5. O-O O-O 6. b3 c6 7. Re1 Bg4 8. Nbd2
Qc7 9. Bb2 Nbd7 10. h3 Bxf3 11. Nxf3 e5 12. dxe5 dxe5 13. e4 Rfe8 14. Qe2 Nc5
15. Qc4 Nfd7 16. a4 Ne6 17. c3 Nb6 18. Qe2 a5 19. Ba3 Bf8 20. Bxf8 Kxf8 21. Bf1
Kg7 22. Qe3 Nd7 23. Rad1 Ndc5 24. Bc4 Rab8 25. Bxe6 Nxe6 26. Ng5 Qe7 27. Nxe6+
Qxe6 28. Qb6 Qxh3 29. Qxa5 h5 30. Qc7 h4 31. Re3 Qg4 32. Rd7 Qe6 33. Rf3 Rf8
34. Re7 Qxb3 35. Qxe5+ Kg8 36. Rf6 Qd1+ 37. Kg2 h3+ 38. Kh2 Qh5 39. Qxh5 gxh5
40. Rf5 Rbe8 41. Rxb7 Rxe4 42. Rb4 Rfe8 43. Rg5+ Kf8 44. Rxh5 Re2 45. Rf5 c5
46. Rbf4 R8e7 47. Rxc5 R7e4 48. Rxe4 Rxe4 49. c4 Re2 50. Rf5 Rc2 51. Rf4 Ra2
52. c5 Rc2 53. a5 Ra2 54. Rc4 Rxa5 55. c6 Ra8 56. c7 Rc8 57. Kxh3 Ke7 58. Kg4
Ke6 59. Kf4 Kd5 60. Rc1 Ke6 61. g4 Kf6 62. Rc6+ Ke7 63. Kf5 Kd7 64. Rc3 Ke7 65.
g5 Kf8 66. Kf6 Ke8 67. f4 Kf8 68. Rd3 Ke8 69. Rd8+ 1-0

[Event "SR Extraliga 2016/2017"]
[Site "?"]
[Date "2017.02.19"]
[Round "8.8"]
[White "Sosovicka, Matej"]
[Black "Pcola, Jaroslav"]
[Result "0-1"]
[WhiteElo "2201"]
[BlackElo "2069"]
[PlyCount "80"]
[EventDate "2016.??.??"]

1. e4 c5 2. Nf3 Nc6 3. d4 cxd4 4. Nxd4 g6 5. c4 Nf6 6. Nc3 Nxd4 7. Qxd4 d6 8.
Be3 Bg7 9. f3 O-O 10. Qd2 a5 11. Be2 a4 12. O-O Qa5 13. Rac1 Be6 14. Rfd1 Rfc8
15. Nb5 Qxd2 16. Rxd2 Nd7 17. Nd4 Nc5 18. Kf2 Bd7 19. Rdc2 Kf8 20. Rb1 Na6 21.
b4 axb3 22. axb3 e5 23. Nb5 Bxb5 24. Rd2 Bd7 25. Rxd6 Be6 26. b4 Bf6 27. Rb6
Bd8 28. Rxb7 Bxc4 29. b5 Bxe2 30. Kxe2 Nc5 31. Bxc5+ Rxc5 32. b6 Rc6 33. Ra7
Rb8 34. b7 Ke7 35. Ra8 Bc7 36. Rb5 f6 37. h3 Kd7 38. Rd5+ Rd6 39. Rc5 Rxb7 40.
Rh8 Rb2+ 0-1

[Event "SR Extraliga 2016/2017"]
[Site "?"]
[Date "2017.02.19"]
[Round "8.1"]
[White "Ftacnik, Lubomir"]
[Black "Cernousek, Lukas"]
[Result "1/2-1/2"]
[WhiteElo "2550"]
[BlackElo "2459"]
[PlyCount "52"]
[EventDate "2016.??.??"]

1. Nf3 d5 2. d4 Nf6 3. c4 dxc4 4. e3 e6 5. Bxc4 c5 6. O-O a6 7. Bd3 Nc6 8. Nc3
cxd4 9. exd4 Be7 10. Bg5 O-O 11. Rc1 Nd5 12. Bxe7 Ndxe7 13. Re1 b6 14. Be4 Ra7
15. Qd3 h6 16. Qe3 Rc7 17. Red1 Nb4 18. a3 Nbd5 19. Bxd5 Nxd5 20. Nxd5 Rxc1 21.
Nf6+ Qxf6 22. Rxc1 Bb7 23. Ne5 Qd8 24. f3 Re8 25. h3 Re7 26. Rc3 Rc7 1/2-1/2

[Event "SR Extraliga 2016/2017"]
[Site "?"]
[Date "2017.02.19"]
[Round "8.2"]
[White "Zpevak, Pavel"]
[Black "Antal, Gergely"]
[Result "0-1"]
[WhiteElo "2355"]
[BlackElo "2551"]
[PlyCount "84"]
[EventDate "2016.??.??"]

1. d4 Nf6 2. c4 g6 3. Nc3 d5 4. cxd5 Nxd5 5. Bd2 Nb6 6. Bg5 Bg7 7. Nf3 c5 8.
dxc5 Bxc3+ 9. bxc3 Qxd1+ 10. Rxd1 Na4 11. Bh6 Nxc5 12. e3 Be6 13. c4 f6 14. Nd4
Bd7 15. Be2 Nc6 16. Nb5 Rc8 17. Bf4 Kf7 18. O-O Be6 19. Nd4 Na5 20. Rc1 Kg7 21.
Bg3 Bf7 22. Rfd1 a6 23. Bg4 Ra8 24. Be2 e5 25. Nc2 Rhd8 26. Na3 Ne4 27. f4
Rxd1+ 28. Rxd1 Nxg3 29. hxg3 Rc8 30. Rd7 Kf8 31. Bf3 Ke8 32. Rd6 Ke7 33. Rb6
Rc7 34. Kh2 Rd7 35. c5 Bxa2 36. c6 Nxc6 37. Bxc6 bxc6 38. Rxc6 Rd6 39. Rc7+ Ke6
40. Rxh7 Rd7 41. Rh6 Rc7 42. fxe5 Rc3 0-1

[Event "SR Extraliga 2016/2017"]
[Site "?"]
[Date "2017.02.19"]
[Round "8.3"]
[White "Zetocha, Claudiu"]
[Black "Motuz, Karol"]
[Result "1-0"]
[WhiteElo "2330"]
[BlackElo "2395"]
[PlyCount "119"]
[EventDate "2016.??.??"]

1. e4 e6 2. d4 d5 3. Nc3 Nf6 4. Bg5 Bb4 5. e5 h6 6. Be3 Ne4 7. Nge2 c5 8. a3
cxd4 9. Bxd4 Nxc3 10. Nxc3 Be7 11. Qg4 O-O 12. Be3 f5 13. exf6 Rxf6 14. O-O-O
Qf8 15. Qg3 Nc6 16. Kb1 Bd6 17. f4 Bd7 18. Ne2 Re8 19. Qh4 e5 20. fxe5 Bxe5 21.
Bc1 Qc5 22. Ng3 Nd4 23. c3 Nb3 24. Qb4 Qxb4 25. axb4 Bg4 26. Rxd5 Bxg3 27. hxg3
Nxc1 28. Bc4 Be6 29. Re5 Nd3 30. Rxe6 Rexe6 31. Bxd3 Re3 32. Bc4+ Kf8 33. g4
Rf4 34. Bd5 b6 35. g5 hxg5 36. Rh8+ Ke7 37. Rg8 Kd6 38. Rd8+ Kc7 39. Ra8 Re2
40. Bf3 Re1+ 41. Ka2 g4 42. Rxa7+ Kd6 43. Ba8 Re2 44. Kb3 b5 45. Ra5 Rf5 46. c4
bxc4+ 47. Kxc4 Rf4+ 48. Kb3 Ke6 49. Bd5+ Kf6 50. b5 Re3+ 51. Ka2 Rb4 52. b3 Ke5
53. Bc4 Kd4 54. Ra7 Rg3 55. Rxg7 Rxg2+ 56. Ka3 Kc3 57. Rc7 Rxc4 58. Rxc4+ Kd3
59. b6 Rf2 60. b7 1-0

[Event "SR Extraliga 2016/2017"]
[Site "?"]
[Date "2017.02.19"]
[Round "8.4"]
[White "Vojtek, Vladimir"]
[Black "Briestensky, Rastislav"]
[Result "1-0"]
[WhiteElo "2245"]
[BlackElo "2313"]
[PlyCount "125"]
[EventDate "2016.??.??"]

1. e4 d6 2. d4 Nf6 3. Nc3 g6 4. Be3 Bg7 5. Qd2 O-O 6. Nf3 c6 7. Bh6 Bg4 8. Bxg7
Kxg7 9. Ng5 e5 10. h3 Bc8 11. O-O-O Qb6 12. dxe5 dxe5 13. Bc4 h6 14. Nxf7 Rxf7
15. Bxf7 Kxf7 16. Qxh6 Be6 17. Qh8 Ne8 18. Rd3 Nd7 19. Rf3+ Ke7 20. Rd1 Qc5 21.
Qh7+ Kd8 22. Qxg6 Qe7 23. Rfd3 Kc7 24. Nd5+ cxd5 25. exd5 Bxd5 26. Rxd5 Nef6
27. R5d3 Rf8 28. Rc3+ Kb8 29. Qd3 Nc5 30. Qe2 Nfe4 31. Rf3 Re8 32. Re3 Qg5 33.
Kb1 Qxg2 34. f3 Qxe2 35. Rxe2 Nf6 36. c3 Ncd7 37. h4 Kc7 38. Kc2 Rg8 39. Rh2
Nh5 40. Kd2 Ndf6 41. Re1 Kd6 42. c4 Nf4 43. Re3 Rg7 44. b4 a6 45. a4 Rc7 46.
Rc3 Ke6 47. Kc2 Kf5 48. a5 Rc8 49. Kb3 Ne6 50. h5 Nd4+ 51. Kb2 Kf4 52. Rh3 Ne2
53. Rd3 Kf5 54. Rh4 Nf4 55. Rc3 N6xh5 56. Rh2 Rc7 57. Kb3 Ng3 58. b5 Nge2 59.
b6 Rd7 60. Re3 Nd4+ 61. Ka4 Nc6 62. Rh8 Ne6 63. Rc8 1-0

[Event "SR Extraliga 2016/2017"]
[Site "?"]
[Date "2017.02.19"]
[Round "8.5"]
[White "Petran, Peter"]
[Black "Veres, Andrej"]
[Result "0-1"]
[WhiteElo "2308"]
[BlackElo "2223"]
[PlyCount "120"]
[EventDate "2016.??.??"]

1. g3 d5 2. Bg2 Nf6 3. Nf3 e6 4. c4 Be7 5. O-O O-O 6. b3 b6 7. Bb2 Bb7 8. d4
Na6 9. Ne5 c5 10. e3 Qc7 11. Nc3 cxd4 12. exd4 dxc4 13. Nb5 Qc8 14. Bxb7 Qxb7
15. bxc4 Rfd8 16. Qf3 Qxf3 17. Nxf3 Nb4 18. Rfd1 a6 19. Na3 Rac8 20. Kf1 Ne4
21. Ke2 Nc6 22. Ke3 Nd6 23. Rac1 Nf5+ 24. Ke4 Nb4 25. c5 bxc5 26. dxc5 Rxd1 27.
Rxd1 Bxc5 28. Rd2 Nd6+ 29. Kf4 Nd5+ 30. Kg4 Ne4 31. Kh3 Nxf2+ 32. Kg2 Nd1 33.
Nc4 Bb4 34. Rxd1 Rxc4 35. Rc1 Rxc1 36. Bxc1 Bc3 37. a3 e5 38. Kf2 f5 39. Ke2 e4
40. Ng5 Nc7 41. Kd1 h6 42. Kc2 Ba5 43. Nh3 Ne6 44. Be3 Be1 45. Kb3 g5 46. Kc4
Kf7 47. a4 Kf6 48. Kd5 Bc3 49. Nf2 Be5 50. Bb6 Bc3 51. a5 Bd2 52. Nd1 h5 53. h3
f4 54. gxf4 Nxf4+ 55. Kc6 Ng2 56. Nf2 Kf5 57. Kb7 e3 58. Nd3 e2 59. Kxa6 Nf4
60. Nxf4 gxf4 0-1

[Event "SR Extraliga 2016/2017"]
[Site "?"]
[Date "2017.02.19"]
[Round "8.6"]
[White "Kovacik, Emil"]
[Black "Havlicek, Libor"]
[Result "1/2-1/2"]
[WhiteElo "2124"]
[BlackElo "2298"]
[PlyCount "45"]
[EventDate "2016.??.??"]

1. e4 c5 2. c3 d5 3. exd5 Qxd5 4. d4 e6 5. Nf3 Nf6 6. Be2 cxd4 7. cxd4 Be7 8.
Nc3 Qd8 9. O-O O-O 10. Re1 Nc6 11. a3 Nd5 12. Be3 Bf6 13. Ne4 b6 14. Rc1 Bb7
15. Bb5 Nce7 16. Bd3 Rc8 17. Rxc8 Qxc8 18. Qa4 Qb8 19. Ne5 Bxe5 20. dxe5 Nxe3
21. Rxe3 Qxe5 22. Qxa7 Qb8 23. Qxb8 1/2-1/2

[Event "SR Extraliga 2016/2017"]
[Site "?"]
[Date "2017.02.19"]
[Round "8.7"]
[White "Franzen, Jozef"]
[Black "Bombek, Peter"]
[Result "1-0"]
[WhiteElo "2246"]
[BlackElo "2201"]
[PlyCount "161"]
[EventDate "2016.??.??"]

1. Nf3 d5 2. g3 c6 3. Bg2 Bf5 4. O-O Nd7 5. d3 h6 6. Nbd2 Ngf6 7. Qe1 e5 8. e4
dxe4 9. dxe4 Be6 10. b3 Bd6 11. Bb2 O-O 12. a4 a6 13. Qe2 b5 14. Rfd1 Qc7 15.
h3 Rfd8 16. axb5 cxb5 17. Nf1 Nc5 18. N3d2 Be7 19. Ne3 g6 20. Ba3 Bf8 21. Kh2
Rd7 22. Bb2 Rad8 23. Nf3 Ncxe4 24. Bxe5 Qb6 25. Rd3 Bg7 26. Rad1 Rxd3 27. Rxd3
Rxd3 28. cxd3 Nc5 29. b4 Ncd7 30. Bd4 Qd6 31. Qb2 Ne8 32. Qc3 Nb6 33. Bxg7 Nxg7
34. Qc5 Ne8 35. Nd4 Na4 36. Qxd6 Nxd6 37. Nc6 Nb2 38. d4 Nd3 39. Kg1 Bd7 40.
Ne5 Nxe5 41. dxe5 Nc4 42. Nxc4 bxc4 43. Kf1 Kf8 44. Ke1 Ke7 45. Kd2 Ke6 46. Kc3
Kxe5 47. Kxc4 Kd6 48. h4 f6 49. Kd4 Bb5 50. Bb7 g5 51. Bd5 Bd7 52. Bc4 Bc8 53.
Ke4 Kc6 54. Be2 Kd6 55. Kd4 Bb7 56. Bg4 Bc6 57. Bc8 Bb5 58. Ke4 Kc7 59. Be6 Kd6
60. Kf5 Ke7 61. Bd5 gxh4 62. gxh4 Be2 63. Kg6 h5 64. f3 Kd6 65. Be4 Ke5 66.
Kxh5 f5 67. Bb7 Kf6 68. Kh6 Bc4 69. Kh7 Kf7 70. h5 Kf6 71. f4 Kf7 72. h6 Kf6
73. Bc8 Bd3 74. Kg8 Bc4+ 75. Kf8 Kg6 76. Bxf5+ Kxh6 77. Ke7 Kh5 78. Kd6 Kh4 79.
Bc8 Kg3 80. f5 Kf4 81. f6 1-0

[Event "SR Extraliga 2016/2017"]
[Site "?"]
[Date "2017.02.19"]
[Round "8.8"]
[White "Borik, Juraj"]
[Black "Certek, Pavel"]
[Result "1/2-1/2"]
[WhiteElo "2175"]
[BlackElo "2253"]
[PlyCount "80"]
[EventDate "2016.??.??"]

1. c4 Nf6 2. Nf3 e6 3. g3 b6 4. Bg2 Bb7 5. O-O Be7 6. d3 O-O 7. b3 c5 8. e4 d5
9. cxd5 exd5 10. e5 Nfd7 11. d4 cxd4 12. Qxd4 Nc5 13. Qg4 f5 14. Qh5 Ne6 15.
Rd1 Na6 16. Nc3 Nac7 17. Ne2 Qe8 18. Qxe8 Rfxe8 19. Nfd4 Nxd4 20. Nxd4 g6 21.
Bb2 Rac8 22. Rac1 Bc5 23. Ne2 Red8 24. a3 Kf7 25. h4 Bf8 26. Kh2 Bh6 27. f4 Bf8
28. h5 Be7 29. hxg6+ hxg6 30. Bf3 Ne6 31. Kg2 Nc5 32. Nd4 Ne6 33. Nb5 a6 34.
Nd6+ Bxd6 35. exd6 Rxc1 36. Rxc1 Rxd6 37. Rh1 Nf8 38. Bd4 a5 39. Kf2 Ba6 40.
Rd1 Bb7 1/2-1/2

[Event "SR Extraliga 2016/2017"]
[Site "?"]
[Date "2017.02.19"]
[Round "8.1"]
[White "Petenyi, Tamas"]
[Black "Cvek, Robert"]
[Result "0-1"]
[WhiteElo "2446"]
[BlackElo "2514"]
[PlyCount "106"]
[EventDate "2016.??.??"]

1. e4 e6 2. d3 d5 3. Nd2 Nf6 4. Ngf3 c5 5. g3 Nc6 6. Bg2 Be7 7. O-O O-O 8. Re1
Qc7 9. Qe2 b5 10. e5 Nd7 11. Nf1 Bb7 12. h4 Nd4 13. Nxd4 cxd4 14. Bf4 Rfc8 15.
Rec1 Qb6 16. h5 h6 17. Nh2 Rc6 18. Nf3 Nf8 19. c3 dxc3 20. Rxc3 Rxc3 21. bxc3
Rc8 22. Qb2 Nd7 23. Rb1 Ba6 24. Be3 Qc7 25. Nd4 Qxe5 26. Bf3 Qc7 27. Rc1 Qa5
28. Qd2 Bf6 29. g4 Qa3 30. Rc2 Nb6 31. g5 hxg5 32. Bxg5 Qe7 33. Be3 Na4 34. Ne2
Bb7 35. Bxa7 d4 36. Bxb7 dxc3 37. Qf4 Qxb7 38. Bd4 Bxd4 39. Nxd4 Qd5 40. h6 Qh5
41. hxg7 Rc5 42. Qb8+ Kxg7 43. f3 Rg5+ 44. Rg2 Qg6 45. Rxg5 Qxg5+ 46. Kf1 Nc5
47. Qxb5 Qc1+ 48. Kf2 Qb2+ 49. Ke1 Qd2+ 50. Kf1 Nxd3 51. Nxe6+ Kf6 52. Qb6 Qc1+
53. Ke2 Qb2+ 0-1

[Event "SR Extraliga 2016/2017"]
[Site "?"]
[Date "2017.02.19"]
[Round "8.2"]
[White "Pechac, Jergus"]
[Black "Czebe, Attila"]
[Result "1/2-1/2"]
[WhiteElo "2437"]
[BlackElo "2484"]
[PlyCount "96"]
[EventDate "2016.??.??"]

1. e4 g6 2. d4 Bg7 3. Nf3 d6 4. Bd3 e5 5. c3 Ne7 6. O-O O-O 7. Nbd2 exd4 8.
cxd4 d5 9. e5 f6 10. Re1 fxe5 11. Nxe5 Nec6 12. Ndf3 Nxe5 13. Nxe5 Nd7 14. Nf3
Nf6 15. Qb3 Qd6 16. Bg5 Be6 17. Qxb7 Rfb8 18. Qa6 Qxa6 19. Bxa6 Ne4 20. b3 c5
21. Be3 Rb4 22. Rad1 Nc3 23. Rd3 Nxa2 24. dxc5 Bc8 25. Bxc8 Rxc8 26. Rxd5 Rxb3
27. Rd7 Nb4 28. Rb7 a5 29. Nd4 Rd3 30. Ne6 Bc3 31. Rc1 Nd5 32. Rd7 a4 33. Nf4
Nxf4 34. Rxd3 Nxd3 35. Rxc3 Nb4 36. Rc4 a3 37. Rxb4 a2 38. Ra4 Rd8 39. Kf1 Rd1+
40. Ke2 a1=Q 41. Rxa1 Rxa1 42. c6 Ra6 43. c7 Rc6 44. Bf4 Kf7 45. h4 Ke6 46. Kf3
h5 47. g3 Kd5 48. Kg2 Rc2 1/2-1/2

[Event "SR Extraliga 2016/2017"]
[Site "?"]
[Date "2017.02.19"]
[Round "8.3"]
[White "Bokros, Albert"]
[Black "Rohacek, Miroslav"]
[Result "1-0"]
[WhiteElo "2491"]
[BlackElo "2286"]
[PlyCount "83"]
[EventDate "2016.??.??"]

1. e4 c5 2. Nf3 d6 3. d4 cxd4 4. Nxd4 Nf6 5. f3 e5 6. Nb3 d5 7. Bg5 d4 8. c3
Nc6 9. Bb5 h6 10. Bxf6 Qxf6 11. cxd4 Bb4+ 12. Nc3 O-O 13. Bxc6 bxc6 14. a3
Bxc3+ 15. bxc3 Ba6 16. Nc5 Bc4 17. Nd7 Qh4+ 18. g3 Qh3 19. Nxf8 Qg2 20. Nd7
Qxh1+ 21. Kf2 Qxh2+ 22. Ke3 exd4+ 23. cxd4 Qxg3 24. Ne5 Be6 25. Qg1 Qh4 26.
Nxc6 f5 27. d5 Bd7 28. Ne5 Qe7 29. Ng6 Qc5+ 30. Kf4 Qc7+ 31. e5 Qc4+ 32. Kg3
Kh7 33. Ne7 f4+ 34. Kh2 Bf5 35. Qg2 Rf8 36. Rg1 g5 37. Qd2 Rf7 38. Nxf5 Rxf5
39. Rc1 Qb3 40. Rc3 Qb1 41. d6 Rxe5 42. d7 1-0

[Event "SR Extraliga 2016/2017"]
[Site "?"]
[Date "2017.02.19"]
[Round "8.4"]
[White "Jablonicky, Martin"]
[Black "Nemeth, Miklos"]
[Result "0-1"]
[WhiteElo "2270"]
[BlackElo "2455"]
[PlyCount "100"]
[EventDate "2016.??.??"]

1. d4 Nf6 2. Nf3 e6 3. Bf4 b6 4. e3 Bb7 5. h3 Be7 6. Bd3 Ne4 7. Nbd2 Nxd2 8.
Nxd2 O-O 9. O-O d6 10. a4 a5 11. Bh2 Nd7 12. Nc4 f5 13. c3 Qe8 14. Qe2 Bf6 15.
b4 Qg6 16. f3 d5 17. Nd2 axb4 18. cxb4 e5 19. Nb3 e4 20. fxe4 fxe4 21. Bb1 c6
22. Ra2 Be7 23. Rxf8+ Rxf8 24. b5 c5 25. a5 c4 26. Nd2 bxa5 27. Bc7 Bb4 28.
Nxc4 dxc4 29. Qxc4+ Kh8 30. Bxa5 Bd6 31. Be1 Nb6 32. Qe2 Bb8 33. Bb4 Rf5 34. g4
h5 35. Qg2 Rf7 36. Rf2 Nc4 37. Ba2 Bd5 38. Rxf7 Qxf7 39. Qf2 hxg4 40. hxg4 Kg8
41. Qh4 Bc7 42. Qh3 Qg6 43. Bb3 Qg5 44. Kf2 Nb2 45. Bc2 Nd3+ 46. Bxd3 exd3 47.
Qh5 Qf6+ 48. Kg1 Qe6 49. Kf2 Bg3+ 50. Kf1 Qe4 0-1

[Event "SR Extraliga 2016/2017"]
[Site "?"]
[Date "2017.02.19"]
[Round "8.5"]
[White "Meszaros, Michal"]
[Black "Karas, Marek"]
[Result "0-1"]
[WhiteElo "2368"]
[BlackElo "2218"]
[PlyCount "158"]
[EventDate "2016.??.??"]

1. g3 e5 2. Bg2 Nf6 3. d3 d5 4. Nf3 Nc6 5. O-O Be7 6. c3 a5 7. Qc2 O-O 8. e4 h6
9. h3 Be6 10. Re1 dxe4 11. dxe4 Qc8 12. Kh2 Rd8 13. a4 Nd7 14. Bf1 Nc5 15. Nbd2
Qd7 16. Nc4 f6 17. Nh4 Nd3 18. Bxd3 Qxd3 19. Qxd3 Rxd3 20. Ne3 Rad8 21. Re2 Bb3
22. Nf3 Bc5 23. Nd2 Be6 24. Ndf1 Nb8 25. Rd2 Na6 26. Kg2 Bf8 27. Rxd3 Rxd3 28.
Nd2 Nc5 29. Kf3 b6 30. Ke2 Rd8 31. h4 h5 32. f3 g6 33. c4 c6 34. b3 Bh6 35. Rb1
Rd3 36. Nef1 Bh3 37. Ba3 Bxf1+ 38. Nxf1 Rxb3 39. Rxb3 Nxb3 40. Be7 Bf8 41. Bxf6
Nc5 42. Bxe5 Nxa4 43. Kd2 b5 44. cxb5 cxb5 45. Ne3 Nc5 46. Nd5 b4 47. Bc7 a4
48. Nxb4 Nxe4+ 49. fxe4 Bxb4+ 50. Kd3 Kf7 51. Kc4 Be7 52. Be5 Ke6 53. Bf4 a3
54. Kb3 Bc5 55. Ka2 Kd7 56. Kb3 Kc6 57. Bc1 Kb5 58. Bf4 Be7 59. Be5 Kc5 60. Bc3
Kb5 61. Be5 Kc6 62. Bf4 Kc5 63. Be3+ Kb5 64. Bf4 Bf8 65. Be3 Bg7 66. Bf4 a2 67.
Kxa2 Kc4 68. e5 Kd5 69. e6 Kxe6 70. Kb3 Be5 71. Bg5 Bxg3 72. Kc3 Kf5 73. Kd3
Kg4 74. Ke2 Bxh4 75. Bh6 Bg3 76. Kf1 Kf3 77. Bg5 Bf2 78. Bf6 h4 79. Be5 h3 0-1